书目信息 |
| 题名: |
城市防灾学
|
|
| 作者: | 塜越功 , 梶秀樹 编著 ;杜菲 , 王忠融 译 | |
| 分册: | ||
| 出版信息: | 北京 电子工业出版社 2016 |
|
| 页数: | 266页 | |
| 开本: | 21cm | |
| 丛书名: | ||
| 单 册: | ||
| 中图分类: | P315.9 | |
| 科图分类: | ||
| 主题词: | 地震灾害--灾害防治--研究--日本 | |
| 电子资源: | ||
| ISBN: | 978-7-121-29880-6 | |
| 000 | 01179nam0 2200277 450 | |
| 001 | 429 | |
| 005 | 20180922113155.33 | |
| 010 | @a978-7-121-29880-6@dCNY48.00 | |
| 100 | @a20170328d2016 em y0chiy50 ea | |
| 101 | 1 | @achi@cjpn |
| 102 | @aCN@b110000 | |
| 105 | @ay z 000yy | |
| 200 | 1 | @a城市防灾学@9cheng shi fang zai xue@e日本地震对策的理论与实践@e修订版@f(日)塜越功,梶秀樹编著@g杜菲,王忠融译 |
| 210 | @a北京@c电子工业出版社@d2016 | |
| 215 | @a266页@d21cm | |
| 305 | @a本书由日本Gakugei Shuppan-sha,Kyoto公司通过Tuttle-Mori Agency,Inc.,Tokyo授权 | |
| 330 | @a本书共分9章,分别介绍了城市灾害和城市防灾学等基础理论、防灾城市规划的历史和法制、城市防灾对策的目标和评价;以及地震和城市火灾、群体避难论、防灾信息系统、地区防灾力等理论专题;重建与复兴、国际防灾合作和实践体系。 | |
| 517 | 1 | @a日本地震对策的理论与实践@9ri ben di zhen dui ce de li lun yu shi jian |
| 606 | 0 | @a地震灾害@x灾害防治@x研究@y日本 |
| 690 | @aP315.9@v5 | |
| 701 | 0 | @c(日)@a塜越功@9peng yue gong@4编著 |
| 701 | 0 | @c(日)@a梶秀樹@9wei xiu shu@4编著 |
| 702 | 0 | @a杜菲@9du fei@4译 |
| 702 | 0 | @a王忠融@9wang zhong rong@4译 |
| 801 | 0 | @aCN@b91MARC@c20170328 |
| 905 | @aMuseLib@dP315.9@e125 | |
| 城市防灾学:日本地震对策的理论与实践:修订版/(日)塜越功,梶秀樹编著/杜菲,王忠融译.-北京:电子工业出版社,2016 |
| 266页;21cm |
| ISBN 978-7-121-29880-6:CNY48.00 |
| 本书共分9章,分别介绍了城市灾害和城市防灾学等基础理论、防灾城市规划的历史和法制、城市防灾对策的目标和评价;以及地震和城市火灾、群体避难论、防灾信息系统、地区防灾力等理论专题;重建与复兴、国际防灾合作和实践体系。 |
| ● |
| 相关链接 |
|
|
|
|
正题名:城市防灾学
索取号:P315.9/125
 
预约/预借
| 序号 | 登录号 | 条形码 | 馆藏地/架位号 | 状态 | 备注 |
| 1 | 1119839 | 211198390 | 第二样本阅览室/ [索取号:P315.9/125] | 在馆 | |
| 2 | 1119840 | 211198407 | 密集书库-资源管理系/ [索取号:P315.9/125] | 在馆 | |
| 3 | 1119841 | 211198416 | 第三借阅区/ [索取号:P315.9/125] | 在馆 | |
| 4 | 1119842 | 211198425 | 第三借阅区/ [索取号:P315.9/125] | 在馆 | |
| 5 | 1119843 | 211198434 | 第三借阅区/ [索取号:P315.9/125] | 在馆 |